المرأة و مجلس النواب القادم : (رقم التسجيلة. 5864)

تفاصيل مارك
000 -LEADER
fixed length control field 00723nam a22001937a 4500
005 - DATE AND TIME OF LATEST TRANSACTION
control field 20251108164203.0
008 - FIXED-LENGTH DATA ELEMENTS--GENERAL INFORMATION
fixed length control field 250721s1997 xx 000 0 ara d
082 14 - DEWEY DECIMAL CLASSIFICATION NUMBER
Classification number 301,41209565/حلق
111 2# - MAIN ENTRY--MEETING NAME
Meeting name or jurisdiction name as entry element حلقة نقاش حول المرأة و مجلس النواب القادم (عمان :1996 )
245 10 - TITLE STATEMENT
Title المرأة و مجلس النواب القادم :
Remainder of title حلقة نقاش /
264 1# - PRODUCTION, PUBLICATION, DISTRIBUTION, MANUFACTURE, AND COPYRIGHT NOTICE
Place of production, publication, distribution, manufacture عمان :
Name of producer, publisher, distributor, manufacturer مركز الريادة للمعلومات والدراسات،
Date of production, publication, distribution, manufacture, or copyright notice 1997.
300 ## - PHYSICAL DESCRIPTION
Extent 36ص
490 0# - SERIES STATEMENT
Series statement المجتمع المدني والنظام البرلماني
650 17 - SUBJECT ADDED ENTRY--TOPICAL TERM
Topical term or geographic name as entry element المرأة
650 17 - SUBJECT ADDED ENTRY--TOPICAL TERM
Topical term or geographic name as entry element الأردن
650 17 - SUBJECT ADDED ENTRY--TOPICAL TERM
Topical term or geographic name as entry element الهيئات التشرعية
942 ## - ADDED ENTRY ELEMENTS (KOHA)
Source of classification or shelving scheme Dewey Decimal Classification
Koha item type كتب
المقتنيات
حالة السحب حالة الفقدان مصدر التصنيف حالة التلف غير قابل للإعارة المكتبة الرئيسية المكتبة الحالية موقع الرف تاريخ التزويد الرقم المتسلسل Total Checkouts رقم الإستدعاء تاريخ آخر ظهور تاريخ الفاتورة نوع المادة (كوها) الباركود
    Dewey Decimal Classification Unchecked   المكتبة المركزية المكتبة المركزية الإعارة 06/07/2004 251763   301,41209565/حلق 28/07/2025 06/07/2004 كتب  
    Dewey Decimal Classification     مكتبة أبو علندا العامة مكتبة أبو علندا العامة الإعارة 06/07/2004 443   301,41209565/حلق 28/07/2025 06/07/2004 كتب DUP-01_443
    Dewey Decimal Classification     مكتبة صويلح العامة مكتبة صويلح العامة الإعارة 22/02/2016 [12963   301,41209565/حلق 28/07/2025 22/02/2016 كتب PLD00375537
    Dewey Decimal Classification Unchecked   مكتبة وادي السير العامة مكتبة وادي السير العامة الإعارة 06/07/2004 6923   301,41209565/حلق 28/07/2025 06/07/2004 كتب  
Implemented & Customized by: BBB with SCIT (Smart Chains for Information Technology)

Powered by Koha